Discursos leídos ante la Real Academia de Bellas Artes de San Fernando en la recepción pública de D. Jose Pagniucci Zumel. (Record no. 161243)

MARC details
000 -LEADER
campo de control de longitud fija 00886nam a22002175i 4500
001 - NÚMERO DE CONTROL
campo de control 161243
003 - IDENTIFICADOR DE NÚMERO DE CONTROL
campo de control ES-MaACL
005 - FECHA Y HORA DE LA ÚLTIMA TRANSACCIÓN
campo de control 20231226140146.0
008 - DATOS DE LONGITUD FIJA--INFORMACIÓN GENERAL
campo de control de longitud fija 991201s1859 sp |||| | spa d
040 ## - FUENTE DE CATALOGACIÓN
Centro catalogador/agencia de origen CCPB | B
Lengua de catalogación spa
Centro/agencia transcriptor CCPB | B
100 1# - ENTRADA PRINCIPAL--NOMBRE DE PERSONA
Nombre de persona Pagniucci Zumel, José.
9 (RLIN) 130772
245 10 - MENCIÓN DEL TÍTULO
Título Discursos leídos ante la Real Academia de Bellas Artes de San Fernando en la recepción pública de D. Jose Pagniucci Zumel.
260 ## - PUBLICACIÓN, DISTRIBUCIÓN, ETC.
Lugar de publicación, distribución, etc. Madrid :
Nombre del editor, distribuidor, etc. [s.n.],
Fecha de publicación, distribución, etc. 1859 (
Fabricante Imprenta del Colegio de sordo-mudos y de ciegos)
300 ## - DESCRIPCIÓN FÍSICA
Extensión 40 p. ;
Dimensiones 24 cm.
505 8# - NOTA DE CONTENIDO CON FORMATO
Nota de contenido con formato Contestacion por ... Antonio Gil de Zarate
700 11 - ENTRADA AGREGADA--NOMBRE PERSONAL
Nombre de persona Gil y Zárate, Antonio,
Fechas asociadas al nombre 1793-1861
9 (RLIN) 56804
710 2# - ENTRADA AGREGADA--NOMBRE DE ENTIDAD CORPORATIVA
Nombre de entidad corporativa o nombre de jurisdicción como elemento de entrada Real Academia de Bellas Artes de San Fernando.
9 (RLIN) 6291
752 ## - ENTRADA AGREGADA--NOMBRE JERÁRQUICO DEL LUGAR
País o entidad superior España -
Ciudad Madrid
852 ## - LOCALIZACIÓN
Ubicación ES-MaACL
Número de control de estantería F-M-III-N (I)
Nota libre -- Enc. pasta española
-- -- Enc. en un vol. facticio
Holdings
Estatus retirado Estado de pérdida Estado de daño No para préstamo Colección Biblioteca de origen Biblioteca actual Ubicación en estantería Fecha de adquisición Fuente de adquisición Total de préstamos Signatura topográfica completa Código de barras Visto por última vez Precio de reemplazo Tipo de ítem Koha
        Libros del s. XIX Biblioteca del Ateneo de Madrid Biblioteca del Ateneo de Madrid Administración 17/01/2008     F-M-III-N (I) 1168891 23/02/2023 23/02/2023 Libro impreso antiguo